História Rádu baziliánov sv. Jozafáta

Bibliographic Details
Other Authors: Coranič, Jaroslav, 1973- (Editor)
Format: Book
Language:Slovak
Ukrainian
Polish
PhysicalDescription:285 strán fotografie 24 cm
Published: Prešov Prešovská univerzita v Prešove Gréckokatolícka teologická fakulta 2017
ISBN:9788055518817
Edition:Vydanie prvé
Subjects:

MARC

LEADER 00000cam a2200000 4500
001 vtls011744793
003 SK-MaSNL
005 20260426015939.0
008 250722s2017 xo o fr 000 0 slo
015 |a SNBA2018/04 
020 |a 9788055518817  |q (viazané) 
035 |a urn:nbn:sk:snk-am00dghy 
035 |a urn:nbn:sk:snk-am3i1hy 
035 |a 2E052A5F-90C2-49ED-99F4-437507FB7345 
040 |a SNK  |b slo  |c SNK  |e rda 
041 0 |a slo  |a ukr  |a pol  |b eng 
043 |a e-xo--- 
044 |a xo  |c SK 
072 7 |a 27-78  |x Kresťanské združenia, spolky a organizácie. Rehoľné rády  |2 konspekt 
072 7 |a 27-9  |x Dejiny kresťanskej cirkvi  |2 konspekt 
080 |a 27-789.17  |2 2011 
080 |a 272-1/-9  |2 2011 
080 |a 27-9  |2 2011 
080 |a (082)  |2 2011 
080 |a (082.2)  |2 2011 
080 |a (437.6)  |2 2011 
080 |a 27-788  |2 2011 
245 0 0 |a História Rádu baziliánov sv. Jozafáta  |c Jaroslav Coranič (ed.) 
250 |a Vydanie prvé 
264 1 |a Prešov  |b Prešovská univerzita v Prešove  |b Gréckokatolícka teologická fakulta  |c 2017 
300 |a 285 strán  |b fotografie  |c 24 cm 
336 |a text  |b txt  |2 rdacontent 
337 |a bez média  |b n  |2 rdamedia 
338 |a zväzok  |b nc  |2 rdacarrier 
504 |a Obsahuje bibliografiu ; bibliografické odkazy 
546 |a Text písaný čiastočne ukrajinčine, poľštine, angličtine ; anglické resumé 
610 2 7 |a Gréckokatolícka cirkev  |2 SNKKA  |9 32576 
610 2 7 |a Rád baziliánov sv. Jozafáta  |2 SNKPH  |9 758631 
648 7 |a 2016-2017  |2 SNKPH  |9 346869 
650 0 7 |a baziliáni  |2 SNKPH  |9 107094 
650 0 7 |a gréckokatolícke náboženstvo  |2 SNKPH  |9 67893 
650 0 7 |a cirkevné dejiny  |2 SNKPH  |9 3909 
650 0 7 |a rehoľný život  |2 SNKPH  |9 67225 
650 0 7 |a Basilians  |2 SNKPHeng  |9 442935 
650 0 7 |a Greek catholic religion  |2 SNKPHeng  |9 308667 
650 0 7 |a Church history  |2 SNKPHeng  |9 266918 
650 0 7 |a Monastic life  |2 SNKPHeng  |9 302512 
651 7 |a Slovensko  |2 SNKPHgeo  |9 14231 
651 7 |a Slovakia  |2 SNKPHeng  |9 92630 
655 7 |a zborníky  |2 SNKPH  |9 70165 
655 7 |a jubilejné publikácie  |2 SNKPH  |9 70339 
655 7 |a Papers of several authors  |2 SNKPHeng  |9 153738 
655 7 |a Jubilee books  |2 SNKPHeng  |9 281827 
700 1 |a Coranič, Jaroslav,  |d 1973-  |4 edt  |9 113627 
919 |a 978-80-555-1881-7 
958 |a EUIPO 
958 |a NB 
958 |a UA 
958 |a PL 
958 |a NT 
958 |a OND 
999 |c 1198229  |d 1200159 
952 |a SNK  |b SNK  |y PREZ  |7 0  |p 17A1321757  |o snkSC 178524  |i snk2018/5515  |8 0  |0 0  |1 0  |4 0  |d 2018-03-06  |f 1  |l 0  |r 2025-09-19 00:00:00  |w 2026-02-24 
952 |a SNK  |b SNK  |y VYP  |7 0  |p 17A1321758  |o snkSC 178524 D1  |i snk2018/5516  |8 0  |0 0  |1 0  |4 0  |d 2018-03-06  |l 0  |r 2026-02-24 22:33:14  |w 2026-02-24